000 01261nas a2200337 4500
001 BR2012006199
003 BR-BrBNA
005 20231205121020.0
007 ta
008 230509b bl.|||p| |||| 00| 00por d
040 _aBR-BrBNA
_bpor
_cBiblioteca Nacional de Agricultura
041 _a(Pt)
072 _aJ11
100 1 _aMoreira, M.D.
100 1 _aSantos, M.C.F. dos
100 1 _aBeserra, E.B.
100 1 _aTorres, J.B.
100 1 _aAlmeida, R.P. de
245 1 _aParasitismo e superparasitismo de Trichogramma pretiosum Riley (Hymenoptera: Trichogrammatidae)em ovos de Sitotroga cerealella (Oliver)(Lepidoptera: Gelechiidae)
246 1 _aParasitism and superparasitism of Trichogramma pretiosum Riley (Hymenoptera: Trichogrammatidae)on Sitotroga cerealella (Oliver)(Lepidoptera: Gelechiidae)eggs
650 _aPRAGA DE PRODUTO ARMAZENADO
650 _aSITOTROGA CEREALELLA
650 _aTRAÇA DOS CEREAIS
650 _aCONTROLE BIOLÓGICO
650 _aPARASITO
650 _aINSETO PARA CONTROLE BIOLÓGICO
650 _aTRICHOGRAMMA SP
773 0 _tNeotropical Entomology (Brazil)
_xISSN 1519-566X
_g(Mar-Apr 2009), v. 38(2) p. 237-242
_wBR2012006199
909 _a202311
_bLúcia
_c55
_dLúcia Elande
942 _2AGRIS
_n0
_cANA
999 _c221472
_d221472